书目信息 |
| 题名: |
易俗社秦腔剧本选
|
|
| 作者: | 西安易俗社 编 ;纪念西安易俗社成立八十周年办公室 编 | |
| 分册: | ||
| 出版信息: | 北京 中国戏剧出版社 1982 |
|
| 页数: | 631页 | |
| 开本: | 20cm | |
| 丛书名: | ||
| 单 册: | ||
| 中图分类: | I236.417 | |
| 科图分类: | 44.4331 | |
| 主题词: | 秦腔-剧本--中国--现代--选集 | |
| 电子资源: | ||
| ISBN: | ||
| 000 | 00835nam2 2200253 45 | |
| 001 | 0192013616 | |
| 005 | 20060914151823.62 | |
| 010 | @dCNY2.10 | |
| 020 | @aCN@b92013616 | |
| 100 | @a19921205d1982 em y0chiy0121 ea | |
| 101 | 0 | @achi |
| 102 | @aCN@b110000 | |
| 105 | @af z 010by | |
| 200 | 10 | @a易俗社秦腔剧本选@Ayi su she qin qiang ju ben xuan@f西安易俗社编@Fxi an yi su she bian |
| 210 | @a北京@c中国戏剧出版社@d1982 | |
| 215 | @a631页@c剧照@d20cm | |
| 540 | 1 | @a易俗社 秦腔 剧本@Ayi su she qin qiang ju ben |
| 606 | @a秦腔-剧本@y中国@z现代@x选集 | |
| 690 | @aI236.417 | |
| 692 | @a44.4331 | |
| 701 | 0 | @a西安易俗社@Axi an yi su she@4编 |
| 711 | A2 | @a纪念西安易俗社成立八十周年办公室@Aji nian xi an yi su she cheng li ba shi zhou nian ban gong shi@4编 |
| 801 | 0 | @aCN@bTSSF@c20060914 |
| 905 | @a10447@dI236.417@e8 | |
| 易俗社秦腔剧本选/西安易俗社编.-北京:中国戏剧出版社,1982 |
| 631页:剧照;20cm |
| ISBN :CNY2.10 |
| ● |
| 相关链接 |
|
|
|
|
正题名:易俗社秦腔剧本选
索取号:I236.417/8
 
预约/预借
| 序号 | 登录号 | 条形码 | 馆藏地/架位号 | 状态 | 备注 |
| 1 | 0429049 | 204290490 | 密集书库/ [索取号:I236.417/8] | 在馆 | |
| 2 | 0473714 | 204737142 | 密集书库/ [索取号:I236.417/8] | 在馆 |